Statistics for Scrubs Characters Quiz

Click here to take the quiz!

General Stats

  • This quiz has been taken 260 times
  • The average score is 12 of 15

Answer Stats

Actor/ActressCharacter% Correct
Donald FaisonChristopher Turk
100%
Sarah ChalkeElliot Reid
100%
Zach BraffJohn "JD" Dorian
100%
John C McGinleyPerry Cox
99%
Ken JenkinsBob Kelso
98%
Judy ReyesCarla Espinosa
97%
Neil FlynnJanitor
96%
Christa MillerJordan Sullivan
88%
Sam LloydTed Buckland
86%
Robert MaschioTodd Quinlan
79%
Aloma WrightLaverne Roberts
71%
Travis SchuldtKeith Dudemeister
54%
Johnny KastlDoug Murphy
40%
Eliza CoupeDenise Mahoney
28%
Mike SchwartzLloyd
22%

Score Distribution

Percentile by Number Answered

Percent of People with Each Score

Your Score History

You have not taken this quiz